Etiqueta de registo: 00254nkm 2200109 450
001 1703905
003 http://id.bnportugal.gov.pt/bib/catbnp/1703905
100 ## $a200504 f1982 am y0pory0103 ba
101 0# $apor
102 ## $aPT
200 1# $aCelestina, de Fernando Rojas$bVisual gráfico]$e um espectáculo de Xosé Blanco Gil$fTeatro Ibérico
210 #9 $a[Lisboa]$cT.I.,$d[1982?]
215 ## $a1 cartaz$ccolor.$d69x48 cm
306 ## $aData provável aproximada, segundo características formais
317 ## $aColeção Madeira Luís$5PTBN: CT. 19074 A.
675 ## $a792(469.411.16)"198"(084.5)$vBN$zpor$3432140
675 ## $a766(=1:469)"198"(084.5)$vBN$zpor$31302430
710 02 $aTeatro Ibérico$330368
801 #0 $aPT$bBN$gRPC
966 ## $lBN$mICONOG$sCT. 10933 A.$x3
966 ## $lBN$mICONOG$sCT. 19074 A.$x3
Etiqueta de registo: 00930ckm 2200253 450
001 250686
003 http://id.bnportugal.gov.pt/bib/catbnp/250686
005 19981205071000.0
095 ## $aPTBN00260832
100 ## $a19901008d1984 am y0pory0103 ba
101 0# $apor
102 ## $aPT
200 1# $a O fantástico e o maravilhoso$bVisual gráfico]$eexposição ícono-bibliográfica$fTeatro Ibérico$gdesign Garizo$gfoto Luís Carlos
210 #9 $aLisboa$cT.I.,$d1984
215 ## $a1 cartaz$ccolor.$d48x33 cm
303 ## $aNo verso extensa lista dos autores representados
317 ## $aColeção Madeira Luís $5PTBN: CT. 13911 V.
606 ## $aPintura$xExposições$yLisboa (Portugal)$z1984$x[Cartazes]$2SIPOR$340822
606 ## $aArte postal$xExposições$yLisboa (Portugal)$z1984$x[Cartazes]$2SIPOR$340823
675 ## $a74/77(084.5)$vBN$zpor$3432079
675 ## $a061.4(469.411Lisboa)"1984"(084.5)$vBN$zpor$3309413
675 ## $a766(=1:469)"198"(084.5)$vBN$zpor$31302430
702 #1 $aCarmo,$bGarizo do,$f1927-1997$4410$330997
702 #1 $aCarlos,$bLuís,$f1942-$4600$367845
710 02 $aTeatro Ibérico$330368
801 #0 $aPT$bBN$gRPC
966 ## $lBN$mICONOG$sCT. 3990 V.$x3
966 ## $lBN$mICONOG$sCT. 13911 V.$x3
Etiqueta de registo: 00000nkm 2200025 450
001 2255825
003 http://id.bnportugal.gov.pt/bib/catbnp/2255825
100 ## $a20260128f1988 m y0pory01030103ba
101 0# $apor
102 ## $aPT
200 1# $aTeatro Ibérico, "Os Velhos Não Devem Namorar" de Alfonso R. Castelao, Encenação Xosé
Blanco Gil$bVisual gráfico]
210 #9 $a[Lisboa]$cTeatro Ibérico,$d[1988?]
215 ## $a1 cartaz$ccolor.$d49,6x34,8 cm
306 ## $aDatação atribuída em conformidade com a peça anunciada
317 ## $aColeção Madeira Luís
675 ## $a766(=1:469)"198"(084.5)$vBN$zpor$31658582
710 02 $aTeatro Ibérico$330368
801 #0 $aPT$bBN$gRPC
966 ## $lBN$mICONOG$sCT. 18096 A.$x3
971 ## $cCaticonografia5$d20260128
995 ## $aPRR2026 $d20260128$iCaticonografia5
Etiqueta de registo: 00000nkm 2200025 450
001 2258779
003 http://id.bnportugal.gov.pt/bib/catbnp/2258779
100 ## $a20260202d1985 m y0pory01030103ba
101 0# $apor
102 ## $aPT
200 1# $aTheatro Ibérico apresenta, Ai!... que saltos me dá o coração, de Anton Tchekov$bVisual gráfico]$e um espectáculo de Xosé Blanco Gil$fTeatro Ibérico$gStuart Carvalhais 3.85
210 #9 $aLisboa$cTeatro Ibérico,$d1985
215 ## $a1 cartaz$ccolor.$d70x39,3 cm
317 ## $aColeção Madeira Luís
675 ## $a766(=1:469)"198"(084.5)$vBN$zpor$31302430
702 #1 $aCarvalhais,$bStuart,$f1887-1961$4440$39706
710 02 $aTeatro Ibérico$330368
801 #0 $aPT$bBN$gRPC
966 ## $lBN$mICONOG$sCT. 19025 A.$x3
971 ## $cCaticonografia9$d20260202
972 ## $d20260323$e1$vfpinelo$z0
995 ## $aPRR2026 $d20260202$iCaticonografia9
Etiqueta de registo: 00000nkm 2200025 450
001 2258769
003 http://id.bnportugal.gov.pt/bib/catbnp/2258769
100 ## $a20260202f1984 m y0pory01030103ba
101 0# $apor$aspa
102 ## $aPT
200 1# $aGardel, el dia que me quieras, um original de José Ignacio Cabrujas, Teatro Ibérico$bVisual gráfico]$fTeatro Ibérico
210 #9 $aLisboa$cTeatro Ibérico,$d[1984?]
215 ## $a1 cartaz$ccolor.$d70x33 cm
306 ## $aDatação atribuída em conformidade com o acontecimento anunciado
317 ## $aColeção Madeira Luís
675 ## $a766(=1:469)"198"(084.5)$vBN$zpor$31302430
710 02 $aTeatro Ibérico$330368
801 #0 $aPT$bBN$gRPC
966 ## $lBN$mICONOG$sCT. 19024 A.$x3
971 ## $cCaticonografia9$d20260202
972 ## $d20260323 $e1$vfpinelo$z0
995 ## $aPRR2026 $d20260202$iCaticonografia9
Etiqueta de registo: 00000nkm 2200025 450
001 2258538
003 http://id.bnportugal.gov.pt/bib/catbnp/2258538
100 ## $a20260202f19881989m y0pory01030103ba
101 0# $apor
102 ## $aPT
200 1# $aOrquídeas à Luz da Lua, Teatro Ibérico (Lisboa)$bVisual gráfico]$fTeatro Ibérico
210 #9 $aLisboa$cTeatro Ibérico,$d[entre 1988 e 1989]$eLisboa :$gTrama Artes Gráficas)
215 ## $a1 cartaz$ccolor.$d68x48 cm
306 ## $aDatação atribuída em conformidade com o acontecimento anunciado
317 ## $aColeção Madeira Luís
675 ## $a766(=1:469)"198"(084.5)$vBN$zpor$31302430
710 02 $aTeatro Ibérico$330368
801 #0 $aPT$bBN$gRPC
966 ## $lBN$mICONOG$sCT. 19062 A.$x3
971 ## $cCaticonografia1$d20260202
995 ## $aPRR2026 $d20260202$iCaticonografia1
Etiqueta de registo: 00000nkm 2200025 450
001 2258487
003 http://id.bnportugal.gov.pt/bib/catbnp/2258487
100 ## $a20260202f1980 m y0pory01030103ba
101 0# $apor
102 ## $aPT
200 1# $aRetabulo do amor profano, de Eduardo Blancoamor$bVisual gráfico]$fTeatro Ibérico
210 #9 $a[Lisboa]$cTeatro Ibérico,$d[ca 1980]
215 ## $a1 cartaz$cp&b.$d67,8x36,9 cm
306 ## $aDatação atribuída em conformidade com data da estreia da peça anunciada
317 ## $aColeção Madeira Luís
675 ## $a766(=1:469)"198"(084.5)$vBN$zpor$31302430
710 02 $aTeatro Ibérico$330368
801 #0 $aPT$bBN$gRPC
966 ## $lBN$mICONOG$sCT. 18956 A.$x3
971 ## $cCaticonografia5$d20260202
972 ## $d20260226 $e1$vfpinelo$z0
995 ## $aPRR2026 $d20260202$iCaticonografia5
Etiqueta de registo: 00000nkm 2200025 450
001 2262204
003 http://id.bnportugal.gov.pt/bib/catbnp/2262204
100 ## $a20260206f1980 m y0pory01030103ba
101 0# $apor$aspa
102 ## $aPT
200 1# $aTeatro Ibérico apresenta 'A Vida é Sonho' de Don Pedro Calderón de la Barca, um espectáculo
de Xosé Blanco Gil$bVisual gráfico]$fTeatro Ibérico
210 #9 $aLisboa$cTeatro Ibérico,$d[1980]$eLisboa :$gCasa Portuguesa )
215 ## $a1 cartaz$ccolor.$d68,5x48 cm
306 ## $aDatação atribuída em conformidade com o acontecimento anunciado
317 ## $aColeção Madeira Luís
675 ## $a766(=1:469)"198"(084.5)$vBN$zpor$31302430
710 02 $aTeatro Ibérico$330368
801 #0 $aPT$bBN$gRPC
966 ## $lBN$mICONOG$sCT. 18994 A.$x3
971 ## $cCaticonografia1$d20260206
972 ## $d20260224 $e0$vmferro$z0
995 ## $aPRR2026 $d20260206$iCaticonografia1
Etiqueta de registo: 00000nkm 2200025 450
001 2280732
003 http://id.bnportugal.gov.pt/bib/catbnp/2280732
100 ## $a20260316f1980 m y0pory01030103ba
101 0# $apor
102 ## $aPT
200 1# $aTeatro Ibérico, carnaval infantil, ''O Leão Encantado'', Lisboa, 14 e 16 fevereiro$bVisual gráfico]$fTeatro Ibérico
210 #9 $aLisboa$cTeatro Ibérico,$d[posterior a 1980]
215 ## $a1 cartaz$cp&b.$d29,6x21cm
306 ## $aDatação em conformidade com as características formais do documento
317 ## $aColeção Madeira Luís
710 02 $aTeatro Ibérico$330368
801 #0 $aPT$bBN$gRPC
966 ## $lBN$mICONOG$sCT. 6419 P.$x3
971 ## $cCaticonografia2$d20260316
995 ## $aPRR2026
Etiqueta de registo: 00000nkm 2200025 450
001 2280546
003 http://id.bnportugal.gov.pt/bib/catbnp/2280546
100 ## $a20260316f1988 m y0pory01030103ba
101 0# $apor
102 ## $aPT
200 1# $aOrquídeas à luz da lua, de Carlos Fuentes, Teatro Ibérico$bVisual gráfico]$fTeatro Ibérico
210 #9 $aLisboa$cTeatro Ibérico,$d[1988?]
215 ## $a1 cartaz frente e verso$cp&b.$d29,5x20,9cm
317 ## $aColeção Madeira Luís
330 ## $aVerso contém informação sobre a peça de teatro
710 02 $aTeatro Ibérico$330368
801 #0 $aPT$bBN$gRPC
966 ## $lBN$mICONOG$sCT. 6403 P.$x3
971 ## $cCaticonografia2$d20260316
995 ## $aPRR2026
Etiqueta de registo: 00000nkm 2200025 450
001 2282354
003 http://id.bnportugal.gov.pt/bib/catbnp/2282354
100 ## $a20260320f1985 m y0pory01030103ba
101 0# $apor
102 ## $aPT
200 1# $aBodas de sangue, de Federico Garcia Lorca, Teatro Ibérico de Lisboa$bVisual gráfico]$fTeatro Ibérico de Lisboa$gJorge Coelho
210 #9 $aLisboa$cTeatro Ibérico de Lisboa,$d[1985]$eLisboa :$gCasa Portuguesa)
215 ## $a1 cartaz$ccolor.$d68,1x48 cm
306 ## $aDatação em conformidade com informação encontrada em arquivo digital
317 ## $aColeção Madeira Luís
702 #1 $93$aCoelho,$bJorge$4410$3949112
710 02 $aTeatro Ibérico$330368
801 #0 $aPT$bBN$gRPC
966 ## $lBN$mICONOG$sCT. 25502 A.$x3
971 ## $cCaticonografia3$d20260320
995 ## $aPRR2026
Etiqueta de registo: 00000nkm 2200025 450
001 2282353
003 http://id.bnportugal.gov.pt/bib/catbnp/2282353
100 ## $a20260320f199- m y0pory01030103ba
101 0# $apor
102 ## $aPT
200 1# $aAi, Carmela! de José Sanchis Sinisterra, um espectáculo de José Blanco Gil, com Vitor
Norte - Estrela Novais$bVisual gráfico]$fTeatro Ibérico
210 #9 $aLisboa$cTeatro Ibérico,$d[199-?]
215 ## $a1 cartaz$ccolor.$d64x45 cm
306 ## $aDatação atribuída em conformidade com as características formais do documento
317 ## $aColeção Madeira Luís
710 02 $aTeatro Ibérico$330368
801 #0 $aPT$bBN$gRPC
966 ## $lBN$mICONOG$sCT. 25465 A.$x3
971 ## $cCaticonografia7$d20260320
995 ## $aPRR2026
Etiqueta de registo: 00000nkm 2200025 450
001 2282435
003 http://id.bnportugal.gov.pt/bib/catbnp/2282435
100 ## $a20260321f1982 m y0pory01030103ba
101 0# $apor
102 ## $aPT
200 1# $aAmor de Dom Perlimplim com Belisa em seu Jardim, «'»Aleluia Erótica«'» de Federico
Garcia Lorca$bVisual gráfico]$fTeatro Ibérico
210 #9 $a[Lisboa]$cTeatro Ibérico,$d[1982]
215 ## $a1 cartaz$ccolor.$d67x35,2 cm
306 ## $aDatação atribuída em conformidade com o evento anunciado
317 ## $aColeção Madeira Luís
710 02 $aTeatro Ibérico$330368
801 #0 $aPT$bBN$gRPC
966 ## $lBN$mICONOG$sCT. 25563 A.$x3
971 ## $cCaticonografia7$d20260321
995 ## $aPRR2026